[Event "It"]
[Site "masterchessopen.com - Strumica (Macedonia)"]
[Round "0"]
[White "Azmaiparashvili Zurab (GEO)"]
[Black "Rashkovsky Nukhim N (RUS)"]
[Result "1-0"]
[WhiteElo "2620"]
[BlackElo "2560"]

1.d4 c5 2.d5 e5 3.e4 d6 4.Nc3 a6 5.f4 exf4 6.Bxf4 Ne7 7.Nf3 Ng6 8.Bg3 Be7 9.e5
dxe5 10.Nxe5 O-O 11.Nxg6 hxg6 12.Be2 Bh4 13.Qd2 Re8 14.O-O Bxg3 15.hxg3 Nd7
16.Qf4 Ne5 17.Rad1 Bf5 18.Rd2 Qd7 19.Na4 Qd6 20.g4 Bd7 21.Nc3 f5 22.gxf5 gxf5
23.Rd3 b5 24.Bh5 Re7 25.Re3 b4 26.Nb1 Qxd5 27.Rd1 {#r} 1-0

[Event "Oberliga Baden 1994/95"]
[Site "masterchessopen.com - Gera (Germany)"]
[Date "1995.03.12"]
[Round "7"]
[White "Berberich Christoph (SUI)"]
[Black "Vidonyak Nellya (GER)"]
[Result "0-1"]
[WhiteElo "2092"]
[BlackElo "2250"]

1.d4 c5 2.d5 e5 3.e4 d6 4.c4 Be7 5.Bd3 Bg5 6.Nc3 Nh6 7.Nf3 Bxc1 8.Qxc1 O-O
9.O-O Na6 10.a3 Bg4 11.Ne1 f5 12.f3 fxe4 13.Nxe4 Bf5 14.Ng5 Nc7 15.g4 Bxd3
16.Nxd3 Qe7 17.b4 cxb4 18.axb4 b5 19.Ne4 bxc4 20.Qxc4 a6 21.Qc6 Nb5 22.Rxa6
Rab8 23.Nxd6 Nd4 24.Qc4 Qg5 25.Ra2 Nxg4 26.fxg4 Qxg4+ 27.Rg2 Ne2+ {#R} 0-1

[Event "Oberliga Baden 1996/97"]
[Site "masterchessopen.com - Baden-Wuerttemberg (Germany)"]
[Round "0"]
[White "Schnepp Gunnar (AUT)"]
[Black "Held Paul (GER)"]
[Result "0-1"]
[WhiteElo "2290"]
[BlackElo "2264"]

1.d4 c5 2.d5 e5 3.c4 d6 4.e4 Be7 5.Nc3 Nd7 6.Be3 Ngf6 7.h3 h5 8.g3 h4 9.g4 Nh7
10.f4 exf4 11.Bxf4 Ndf8 12.e5 Ng6 13.exd6 Nxf4 14.dxe7 Qxe7+ 15.Kd2 O-O 16.Qe1
Qf6 17.Qe3 Bd7 18.Nge2 Rfe8 19.Qxc5 Ng5 20.Kc2 Qg6+ 21.Kb3 Nd3 22.Qc7 Rac8
23.Nf4 Qa6 24.Qxc8 Qb6+ 25.Nb5 Rxc8 26.Bxd3 a6 27.a4 axb5 28.axb5 Nf3 {#R} 0-1

[Event "It (open) \"]
[Site "masterchessopen.com - Berlin (Germany)"]
[Round "0"]
[White "Dinstuhl Volkmar (GER)"]
[Black "Rahls Peter (GER)"]
[Result "0-1"]
[WhiteElo "2405"]
[BlackElo "2215"]

1.d4 c5 2.d5 e5 3.c4 d6 4.Nc3 Be7 5.g3 a6 6.a4 Bg5 7.e3 f5 8.Bg2 Nf6 9.a5 O-O
10.Nge2 Nbd7 11.f4 Bh6 12.O-O g6 13.e4 Nxe4 14.Bxe4 fxe4 15.Nxe4 Qe7 16.fxe5
Bxc1 17.Rxf8+ Qxf8 18.Rxc1 Nxe5 19.Nf4 Bg4 20.Qb3 Re8 21.Ng5 Qf5 22.Nfe6 Rxe6
23.Nxe6 Nf3+ 24.Kg2 Bh3+ 25.Kh1 Nd2 26.Qe3 Nxc4 {#R} 0-1

[Event "It (open) (b)"]
[Site "masterchessopen.com - Bled (Slovenia)"]
[Round "8"]
[White "Potocnik Primoz (SLO)"]
[Black "Kolar Srecko (SLO)"]
[Result "1-0"]
[WhiteElo "2138"]
[BlackElo "2180"]

1.d4 c5 2.d5 e5 3.e4 Nf6 4.Nc3 d6 5.Be2 Na6 6.Nf3 Nc7 7.a4 Be7 8.Nd2 O-O 9.Nc4
Nfe8 10.O-O Bg5 11.Bxg5 Qxg5 12.f4 exf4 13.e5 Qd8 14.exd6 Nxd6 15.Rxf4 Nxc4
16.Bxc4 Qd6 17.Qf3 f5 18.Qg3 Rf6 19.Re1 Kf8 20.Rf3 Qxg3 21.hxg3 Bd7 22.Rfe3
Re8 23.Kf2 a6 24.a5 Rxe3 25.Rxe3 Ne8 26.Kf3 {#r} 1-0

[Event "It (open)"]
[Site "masterchessopen.com - Ceske Budejovice (Czech Republic)"]
[Round "4"]
[White "Yevseev Denis (RUS)"]
[Black "Melich Jindrich (CZE)"]
[Result "1-0"]
[WhiteElo "2395"]
[BlackElo "2162"]

1.d4 c5 2.d5 e5 3.e4 d6 4.Bb5+ Nd7 5.a4 Be7 6.Nf3 a6 7.Be2 Rb8 8.a5 Nf8 9.O-O
Bg4 10.Nfd2 Bxe2 11.Qxe2 Bg5 12.Na3 Ng6 13.Nac4 Nf6 14.Nxd6+ Qxd6 15.Nc4 {#r}
1-0

[Event "Ch Czech Chess Union (juniors)"]
[Site "masterchessopen.com - Cesky Brod (Czech Republic)"]
[Round "3"]
[White "Neuman Petr (CZE)"]
[Black "Mrna Vladimir (CZE)"]
[Result "1-0"]
[WhiteElo "2205"]
[BlackElo "2045"]

1.d4 c5 2.d5 e5 3.e4 d6 4.f4 Nd7 5.Nf3 exf4 6.Bxf4 Ngf6 7.Nbd2 Be7 8.Bd3 O-O
9.O-O Ne8 10.c3 Bf6 11.Nc4 Nb6 12.Ncd2 Nd7 13.a4 Ne5 14.Nxe5 Bxe5 15.Bxe5 dxe5
16.Nc4 f6 17.Be2 Nd6 18.Nxd6 Qxd6 19.Bg4 Bxg4 20.Qxg4 Rad8 21.Rf2 b6 22.h3 Rd7
23.Raf1 Rdf7 24.h4 Qd7 25.Qxd7 Rxd7 26.g4 g6 27.Rxf6 {#r} 1-0

[Event "It (open)"]
[Site "masterchessopen.com - Finkenstein (Austria)"]
[Round "1"]
[White "Knoll Hermann (AUT)"]
[Black "Thallinger Werner"]
[Result "1-0"]
[WhiteElo "2250"]
[BlackElo "1770"]

1.d4 c5 2.d5 e5 3.e4 d6 4.c4 f5 5.Nc3 Nf6 6.Bd3 f4 7.g3 g5 8.h4 fxg3 9.hxg5
gxf2+ 10.Kxf2 Ng4+ 11.Kg3 h5 12.gxh6 Qf6 13.Qf3 Qg6 14.Nh3 Bxh6 15.Bxh6 Rxh6
16.Rag1 Qg7 17.Kg2 Na6 18.Qg3 Rg6 19.Kf1 Rf6+ 20.Ke1 Qf8 21.Ng5 Qg8 22.Nh7 Rg6
23.Be2 Bd7 24.Bxg4 Bxg4 25.Rh4 {#r} 1-0

[Event "It (open)"]
[Site "masterchessopen.com - Fuerth (Germany)"]
[Round "5"]
[White "Walter Manfred (GER)"]
[Black "Schoeller Wolfgang (GER)"]
[Result "0-1"]
[WhiteElo "1817"]
[BlackElo "2086"]

1.d4 c5 2.d5 e5 3.dxe6 fxe6 4.e4 Nc6 5.c4 Nf6 6.Nc3 Be7 7.Nf3 O-O 8.Be2 d6
9.O-O e5 10.h3 Nd4 11.a3 Be6 12.Bd3 Qc8 13.Nxd4 cxd4 14.Nd5 Nxd5 15.cxd5 Bxh3
16.gxh3 Qxh3 17.f4 Qg3+ 18.Kh1 Rf6 19.f5 g5 20.fxg6 Qh3+ 21.Kg1 Rxg6+ {#R} 0-1

[Event "Oberliga East 1995/96"]
[Site "masterchessopen.com - Germany"]
[Round "0"]
[White "Puschendorf Steffen (GER)"]
[Black "Richter Goetz (GER)"]
[Result "1-0"]
[WhiteElo "2190"]
[BlackElo "2018"]

1.d4 c5 2.d5 e5 3.e4 d6 4.f4 exf4 5.Bxf4 Qh4+ 6.g3 Qe7 7.Nf3 Nd7 8.Nbd2 Ngf6
9.Qe2 h6 10.h4 Nb6 11.O-O-O Bg4 12.Bxd6 Qxd6 13.e5 Qxd5 14.exf6+ Be6 15.Nb3
Qf5 16.Bh3 Qxf6 17.Qb5+ Ke7 18.Qxc5+ Ke8 19.Qb5+ Ke7 20.Bxe6 fxe6 21.Rhf1 Rd8
22.Rxd8 Kxd8 23.Ne5 {#r} 1-0

[Event "Ch Israel (team)"]
[Site "masterchessopen.com - Israel"]
[Round "6"]
[White "Slutzky Leonid (ISR)"]
[Black "Kataev Simcho (RUS)"]
[Result "1-0"]
[WhiteElo "2375"]
[BlackElo "2246"]

1.d4 c5 2.d5 e5 3.e4 d6 4.Nc3 g6 5.Bb5+ Nd7 6.f4 a6 7.Bxd7+ Bxd7 8.Nf3 Bg7
9.fxe5 dxe5 10.O-O Ne7 11.Be3 b6 12.d6 Nc6 13.Ng5 O-O 14.Nxf7 Qe8 15.Nh6+ Kh8
16.Rxf8+ Qxf8 17.Qd2 Be6 18.Rf1 Qd8 19.Nf7+ Bxf7 20.Rxf7 Nd4 21.Bh6 Qxd6
22.Bxg7+ Kg8 23.Qf2 Nf5 24.exf5 Kxf7 25.fxg6+ Kxg6 26.Qg3+ Kf7 27.Bxe5 Qc6
28.Qg7+ {#r} 1-0

[Event "Cup Russia (open)"]
[Site "masterchessopen.com - Omsk (Russia)"]
[Round "7"]
[White "Iskusnyh Sergei (RUS)"]
[Black "Starosek Konstantin (RUS)"]
[Result "0-1"]
[WhiteElo "2460"]
[BlackElo "2475"]

1.d4 c5 2.d5 e5 3.e4 d6 4.Nc3 Be7 5.f4 exf4 6.Bxf4 Nf6 7.Qd2 O-O 8.O-O-O Re8
9.Nf3 Bf8 10.e5 dxe5 11.Bxe5 Nbd7 12.Bf4 a6 13.d6 b5 14.Nd5 Ne4 15.Qe1 Nxd6
16.Be2 Bb7 17.Qf1 c4 18.h4 Bxd5 19.Rxd5 Nb6 20.Rd1 Qf6 21.Bg5 Qf5 22.g4 Qc5
23.Kb1 Ne4 24.Rh2 c3 25.Bd3 cxb2 26.Bd2 Nc4 27.Ng5 Ncxd2+ 28.Rdxd2 Nc3+ {#R}
0-1

[Event "It \"]
[Site "masterchessopen.com - Philadelphia (USA)"]
[Round "0"]
[White "Adams Nick A (USA)"]
[Black "Kreitner Ilan (USA)"]
[Result "1-0"]
[WhiteElo "2241"]
[BlackElo "2024"]

1.d4 c5 2.d5 e5 3.e4 d6 4.f4 exf4 5.Bxf4 Qf6 6.Bb5+ Bd7 7.Bxd7+ Nxd7 8.Ne2 Qg6
9.O-O Be7 10.Nbc3 a6 11.Ng3 Nh6 12.Nf5 Rd8 13.Rf3 Ne5 14.Rg3 Nhg4 15.Bxe5 Qh5
16.Nxg7+ {#r} 1-0

[Event "It (open) (b)"]
[Site "masterchessopen.com - Polanica Zdroj (Poland)"]
[Round "0"]
[White "Pierzak Rafael (POL)"]
[Black "Rybak Jozef (POL)"]
[Result "0-1"]
[WhiteElo "2234"]
[BlackElo "1999"]

1.d4 c5 2.d5 e5 3.e4 Nf6 4.Nc3 d6 5.h3 a6 6.a4 h6 7.Be3 Qa5 8.Qd2 Qb4 9.f3 Be7
10.b3 Nh5 11.Nge2 g5 12.g4 Nf4 13.Nxf4 exf4 14.Bf2 Bf6 15.O-O-O {#R} 0-1

[Event "Ch Europe (juniors) (under 18) (g)"]
[Site "masterchessopen.com - Rimavska Sobota (Slovakia)"]
[Round "8"]
[White "Zhurina Elizaveta (RUS)"]
[Black "Fongers Joyce (NED)"]
[Result "0-1"]
[WhiteElo "2310"]
[BlackElo "2037"]

1.d4 c5 2.d5 e5 3.e4 d6 4.Nc3 Nf6 5.f4 exf4 6.Bxf4 g6 7.h3 Nh5 8.Qf3 Nxf4
9.Qxf4 Bg7 10.Bb5+ Bd7 11.Bxd7+ Qxd7 12.Nf3 O-O 13.O-O a6 14.a4 Qc7 15.a5 Nd7
16.Nd1 Rae8 17.c3 f5 18.exf5 Rxf5 19.Qd2 Ne5 20.Nxe5 Rxf1+ 21.Kxf1 Bxe5 22.Kg1
Qf7 23.Ra4 Bg3 24.Ne3 Bf4 {#R} 0-1

[Event "It (open)"]
[Site "masterchessopen.com - Sant Boi (Spain)"]
[Round "0"]
[White "Yepes Martinez Eduard (ESP)"]
[Black "Mitjavila Badia Josep (ESP)"]
[Result "1-0"]
[WhiteElo "2335"]
[BlackElo "2100"]

1.d4 c5 2.d5 e5 3.c4 d6 4.Nc3 f5 5.e4 Nf6 6.Bd3 f4 7.g3 fxg3 8.hxg3 Be7 9.f4
exf4 10.gxf4 Ng4 11.Nf3 Bf6 12.Bd2 Bd4 13.Nxd4 cxd4 14.Nb5 Qb6 15.Qa4 O-O
16.Ba5 {#r} 1-0

[Event "It (open)"]
[Site "masterchessopen.com - Solymar (Hungary)"]
[Round "0"]
[White "Keszi Janos (HUN)"]
[Black "Zsinka Laszlo (HUN)"]
[Result "0-1"]
[WhiteElo "2098"]
[BlackElo "2325"]

1.d4 c5 2.d5 e5 3.c4 d6 4.Nc3 g6 5.g3 Bg7 6.Bg2 f5 7.e4 Nf6 8.Bg5 h6 9.Bxf6
Qxf6 10.exf5 gxf5 11.Qh5+ Kd8 12.Nf3 Na6 13.a3 Bd7 14.O-O Be8 15.Qh4 e4
16.Qxf6+ Bxf6 17.Nd2 Bg6 18.Nb5 Kd7 19.Rab1 Nc7 20.b4 Nxb5 21.cxb5 cxb4
22.axb4 Rac8 23.Bh3 Rhe8 24.Rfc1 Rxc1+ 25.Rxc1 Bg5 26.Rc2 Re5 27.f4 exf3
28.Nxf3 {#R} 0-1

[Event "It"]
[Site "masterchessopen.com - Alushta (Ukraine)"]
[Round "7"]
[White "Arakelian Eduard (RUS)"]
[Black "Rakhmangulov Andrei (UKR)"]
[Result "1-0"]
[WhiteElo "2415"]
[BlackElo "2405"]

1.d4 c5 2.d5 e5 3.e4 d6 4.Be2 Nf6 5.Nc3 Be7 6.Nf3 O-O 7.O-O Ne8 8.Nd2 a6 9.a4
Bg5 10.Nc4 Bxc1 11.Qxc1 Nd7 12.a5 Qh4 13.Qe3 Ndf6 14.f4 exf4 15.Qxf4 Qxf4
16.Rxf4 Nd7 17.Na4 Rb8 18.Ra3 f6 19.Rb3 Ne5 20.Nxe5 fxe5 21.Rxf8+ Kxf8 22.Nb6
{#r} 1-0

[Event "Ch Aragon (team)"]
[Site "masterchessopen.com - Aragon (Spain)"]
[Round "0"]
[White "Perdiguero Duenas J (ESP)"]
[Black "Martinez Jaime (ESP)"]
[Result "1-0"]
[WhiteElo "2193"]
[BlackElo "2200"]

1.d4 c5 2.d5 e5 3.e4 d6 4.Be3 Nf6 5.f3 g6 6.Qd2 Nh5 7.Bd3 Be7 8.Ne2 f5 9.f4
fxe4 10.Bxe4 exf4 11.Nxf4 Nxf4 12.Bxf4 O-O 13.O-O Nd7 14.Nc3 Rxf4 15.Qxf4 Ne5
16.Rae1 Bg5 17.Qf2 Bh6 18.Qf6 Qb6 19.Bxg6 hxg6 20.Rxe5 dxe5 21.Qf7+ Kh8
22.Qe8+ Kh7 23.Rf7+ Bg7 24.Qf8 {#r} 1-0

[Event "It (open)"]
[Site "masterchessopen.com - Bad Aibling (Germany)"]
[Round "5"]
[White "Kuckelkorn Thomas (GER)"]
[Black "Biberger Hans (GER)"]
[Result "1-0"]
[WhiteElo "1996"]
[BlackElo "1986"]

1.d4 c5 2.d5 e5 3.c4 d6 4.Nc3 g6 5.e4 Ne7 6.f4 Bg7 7.fxe5 Bxe5 8.Nf3 Bg7 9.Be3
Nd7 10.Be2 O-O 11.O-O f5 12.Qd2 fxe4 13.Ng5 Rxf1+ 14.Rxf1 Ne5 15.Ngxe4 Bf5
16.Bg5 Qd7 17.Nf6+ Bxf6 18.Bxf6 Nf7 19.Qf4 h5 20.Bxh5 Ne5 21.Qh6 Kf7 22.Qg7+
Ke8 23.Bd1 b5 24.cxb5 Rb8 25.b6 axb6 26.Ba4 b5 27.Nxb5 Kd8 28.Qf8+ {#r} 1-0

[Event "Ch Germany (juniors) (under 15) (g)"]
[Site "masterchessopen.com - Bensheim (Germany)"]
[Round "4"]
[White "Klawonn Malin (GER)"]
[Black "Guettler Sabine"]
[Result "1-0"]
[WhiteElo "2078"]
[BlackElo "1635"]

1.d4 c5 2.d5 e5 3.e4 g6 4.Be3 d6 5.Qd2 Bg7 6.Nc3 Nf6 7.f3 O-O 8.Nge2 Na6 9.g4
Ne8 10.h4 f5 11.gxf5 gxf5 12.Bg5 Bf6 13.Bh3 f4 14.O-O-O Kh8 15.Rdg1 Bxh3
16.Rxh3 Nac7 17.Rh2 b5 18.Rhg2 Rg8 19.Kd1 b4 20.Na4 Na6 21.Qd3 Qa5 22.b3 Rc8
23.c4 bxc3 24.Qxc3 Qxc3 25.Nexc3 c4 26.Nb5 cxb3 27.Nxd6 bxa2 28.Bxf6+ {#r} 1-0

[Event "It (a)"]
[Site "masterchessopen.com - Budapest (Hungary)"]
[Round "2"]
[White "Gonzalez Garcia Jose (MEX)"]
[Black "Barczay Laszlo (HUN)"]
[Result "1-0"]
[WhiteElo "2420"]
[BlackElo "2395"]

1.d4 c5 2.d5 e5 3.e4 d6 4.Nf3 a6 5.a4 Bg4 6.Be2 Bxf3 7.Bxf3 b6 8.g3 Be7 9.h4
Nd7 10.Nd2 Ngf6 11.Nc4 h5 12.Bd2 g6 13.O-O Kf8 14.Bg2 Kg7 15.Qe2 Qc7 16.f4
exf4 17.gxf4 b5 18.Na5 Rae8 19.axb5 axb5 20.Nc6 Nb8 21.Ra7 Qb6 22.Ba5 {#r} 1-0

[Event "Ch Ireland"]
[Site "masterchessopen.com - Dublin (Ireland)"]
[Round "1"]
[White "Clarke Thomas (IRL)"]
[Black "Joyce John (IRL)"]
[Result "0-1"]
[WhiteElo "2210"]
[BlackElo "2211"]

1.d4 c5 2.d5 e5 3.e4 d6 4.f4 exf4 5.Bxf4 Ne7 6.Nf3 Ng6 7.Bg3 Be7 8.Bb5+ Nd7
9.Nbd2 O-O 10.a4 Nf6 11.a5 Nh5 12.Bf2 Nhf4 13.g3 Nh3 14.Nc4 Bd7 15.Bxd7 Qxd7
16.Be3 Rae8 17.Qd3 f5 18.e5 dxe5 19.Nfxe5 Nxe5 20.Nxe5 Qc7 21.Nc4 f4 22.Qf1
Qd7 23.gxf4 Qxd5 24.Ne5 Nxf4 {#R} 0-1

[Event "It (open)"]
[Site "masterchessopen.com - Finkenstein (Austria)"]
[Round "0"]
[White "Berger Hermann (GER)"]
[Black "Schaefer Anke (GER)"]
[Result "0-1"]
[WhiteElo "2275"]
[BlackElo "2133"]

1.d4 c5 2.d5 e5 3.c4 d6 4.Nc3 g6 5.e4 Bg7 6.Bd3 Nh6 7.Nge2 O-O 8.O-O a6 9.f3
f5 10.exf5 gxf5 11.Qc2 Qh4 12.Na4 Nd7 13.Ng3 e4 14.Bxh6 exd3 {#R} 0-1

[Event "Oberliga Northwest 1997/98"]
[Site "masterchessopen.com - Germany"]
[Round "2"]
[White "Teuchert Bernd (GER)"]
[Black "Raabe Peter (GER)"]
[Result "1-0"]
[WhiteElo "2131"]
[BlackElo "2165"]

1.d4 c5 2.d5 e5 3.e4 d6 4.Bd3 Be7 5.Nf3 Bg4 6.a4 Nd7 7.Nbd2 Nf8 8.Nc4 g5 9.h3
Bc8 10.c3 Ng6 11.g3 h5 12.Ne3 Nh6 13.Nf5 Bxf5 14.exf5 Nf8 15.Nd2 Ng8 16.Ne4 h4
17.g4 f6 18.Be3 Nd7 19.b4 b6 20.O-O a5 21.bxa5 bxa5 22.Rb1 Nb6 23.Qb3 Rb8
24.Qb5+ Nd7 25.Qc6 Rb6 26.Rxb6 Qxb6 27.Rb1 {#r} 1-0

[Event "It (open)"]
[Site "masterchessopen.com - Greenhills (Philippines)"]
[Round "9"]
[White "Gonzales Jayson (PHI)"]
[Black "Salvador Roland (PHI)"]
[Result "1-0"]
[WhiteElo "2345"]
[BlackElo "2501"]

1.d4 c5 2.d5 e5 3.e4 d6 4.Bd3 g6 5.f4 Bg7 6.Nc3 Nd7 7.Nf3 Ne7 8.Nb5 Qb6 9.a4
a5 10.Nd2 O-O 11.Nc4 Qd8 12.Nbxd6 Nb6 13.Nxb6 Qxd6 14.Nc4 Qb8 15.O-O b6 16.c3
Ra7 17.fxe5 Bxe5 18.Nxe5 Qxe5 19.Bf4 Qg7 20.Qb3 Rb7 21.Bb5 h6 22.Rad1 Bg4
23.Rd2 Nc8 24.Bc6 Ra7 25.Bb8 Re7 26.d6 Re6 27.h3 Bh5 28.Qxe6 {#r} 1-0

[Event "It (open)"]
[Site "masterchessopen.com - Haarlem (Netherlands)"]
[Round "3"]
[White "Witt Rob (NED)"]
[Black "Goes Dirk (NED)"]
[Result "1-0"]
[WhiteElo "2315"]
[BlackElo "1948"]

1.d4 c5 2.d5 e5 3.e4 d6 4.Nc3 Be7 5.Nf3 a6 6.a4 h6 7.Nd2 Nf6 8.Nc4 O-O 9.Be2
Ne8 10.O-O Bg5 11.Bxg5 hxg5 12.a5 Nd7 13.Na4 Qf6 14.Ra3 Qg6 15.Re1 Ndf6
16.Nab6 Rb8 17.Nxc8 Rxc8 18.Bg4 Nxg4 19.Qxg4 Nf6 20.Qe2 Rcd8 21.Rb3 Rd7 22.Rb6
Ne8 23.Nxe5 {#r} 1-0

[Event "It (open)"]
[Site "masterchessopen.com - Hamburg (Germany)"]
[Round "2"]
[White "Gruener Reinhard (GER)"]
[Black "Plueg Andreas (GER)"]
[Result "0-1"]
[WhiteElo "2113"]
[BlackElo "2375"]

1.d4 c5 2.d5 e5 3.Nc3 d6 4.e4 a6 5.a4 g6 6.Be2 Nf6 7.Be3 Bg7 8.g4 h5 9.g5 Nh7
10.h4 b6 11.Bf3 Ra7 12.Nge2 Nf8 13.Ng3 Rb7 14.Qd3 Bd7 15.Bg2 Qe7 16.O-O Nh7
17.Kh2 f6 18.f4 exf4 19.Bxf4 fxg5 20.e5 gxf4 21.Qxg6+ Kd8 22.Rxf4 Bxe5 23.Re1
Bg4 24.Rxe5 Qxe5 25.Re4 Qf6 26.Rxg4 hxg4 {#R} 0-1

[Event "It (open) (a)"]
[Site "masterchessopen.com - Klatovy (Czech Republic)"]
[Round "0"]
[White "Jurek Josef (CZE)"]
[Black "Jandecka Tomas (CZE)"]
[Result "0-1"]
[WhiteElo "2415"]
[BlackElo "2196"]

1.d4 c5 2.d5 e5 3.e4 d6 4.Nc3 g6 5.f4 Bg7 6.Bb5+ Bd7 7.Be2 b5 8.fxe5 b4 9.Nb1
Qh4+ 10.Kf1 Bxe5 11.Nd2 Bd4 12.Qe1 Qf6+ 13.Ngf3 g5 14.Nc4 g4 15.Bg5 gxf3
16.Bxf6 fxe2+ 17.Kxe2 Nxf6 18.Nxd6+ Kf8 19.Rf1 Bxb2 20.Rxf6 Bxf6 21.Qf2 Bg4+
22.Kd3 Nd7 23.Qf4 Rg8 24.Rf1 c4+ 25.Kxc4 Be2+ 26.Kxb4 Rb8+ 27.Ka5 Bc3+ {#R}
0-1

[Event "It (cat.12)"]
[Site "masterchessopen.com - Linz (Austria)"]
[Round "4"]
[White "Bacrot Etienne (FRA)"]
[Black "Casagrande Harald (AUT)"]
[Result "1-0"]
[WhiteElo "2545"]
[BlackElo "2345"]

1.d4 c5 2.d5 e5 3.Nc3 d6 4.Nf3 f5 5.e4 f4 6.Nxe5 dxe5 7.Qh5+ Ke7 8.Qxe5+ Kf7
9.Bxf4 a6 10.Bc4 b5 11.d6+ bxc4 12.Qd5+ Be6 13.Qxa8 g5 14.Be5 Bg7 15.Bxg7 Kxg7
16.O-O-O Nf6 17.e5 Ng4 18.Qa7+ Nd7 19.Ne4 c3 20.Nxc5 cxb2+ 21.Kb1 Re8 22.Qc7
Bf5 23.e6 Qxc7 24.dxc7 Nb6 25.Rd8 Nf6 26.Rhd1 Nc8 27.Kxb2 Ne7 28.Rxe8 {#r} 1-0

[Event "It (open)"]
[Site "masterchessopen.com - Linz (Austria)"]
[Round "6"]
[White "Knoll Hermann (AUT)"]
[Black "Berthold Andreas (GER)"]
[Result "1-0"]
[WhiteElo "2245"]
[BlackElo "2206"]

1.d4 c5 2.d5 e5 3.Nc3 d6 4.Nf3 g6 5.e4 Bg7 6.Nd2 a6 7.a4 b6 8.Nc4 Nh6 9.Be2
O-O 10.h4 f5 11.Bg5 Qc7 12.Ra3 Ra7 13.h5 Nf7 14.Bd2 Rb7 15.hxg6 hxg6 16.exf5
gxf5 17.Bd3 e4 18.Qh5 Re8 19.Be2 Qd8 20.Nd1 Kf8 21.Rg3 Bf6 22.Qh7 Ng5 23.Qh8+
Bxh8 24.Rxh8+ Ke7 25.Bxg5+ Kd7 26.Rh7+ {#r} 1-0

[Event "It (open)"]
[Site "masterchessopen.com - Norrkoeping (Sweden)"]
[Round "2"]
[White "Malesevic Nedelj (SWE)"]
[Black "Nygren Kim (SWE)"]
[Result "1-0"]
[WhiteElo "2270"]
[BlackElo "2224"]

1.d4 c5 2.d5 e5 3.c4 d6 4.e4 f5 5.Nc3 Nf6 6.Bd3 g6 7.h4 h5 8.Bg5 Be7 9.Qd2 Na6
10.a3 Bd7 11.f4 Ng4 12.Nf3 Rb8 13.Nb5 Bxb5 14.cxb5 Nc7 15.exf5 Nxd5 16.fxg6
Nde3 17.g7 Rg8 18.Bg6+ Kd7 19.fxe5 Rxg7 20.Bxh5 Bxg5 21.hxg5 Qe7 22.Bxg4+ Nxg4
23.O-O-O Re8 24.Rhe1 Qe6 25.Qf4 Rf7 26.Rxd6+ Qxd6 27.Qxf7+ Qe7 28.e6+ {#r} 1-0

[Event "It (open) \"]
[Site "masterchessopen.com - Philippines"]
[Round "3"]
[White "Perez Roland"]
[Black "Bitoon Richard (PHI)"]
[Result "0-1"]
[WhiteElo "2230"]
[BlackElo "2504"]

1.d4 c5 2.d5 e5 3.c4 d6 4.e4 Ne7 5.Nc3 a6 6.Be3 f5 7.f3 Nd7 8.Bd3 Nf6 9.h3 Rb8
10.g4 g6 11.Nge2 Bg7 12.Qd2 O-O 13.Bf2 fxe4 14.fxe4 b5 15.g5 Nh5 16.cxb5 axb5
17.Bxb5 Nf4 18.Ng1 Qa5 19.Bf1 Ba6 20.Bxa6 Qxa6 21.O-O-O c4 22.Qe3 Nd3+ 23.Rxd3
cxd3 24.Nf3 Rfc8 25.Qa7 Qb5 {#R} 0-1

[Event "It (open)"]
[Site "masterchessopen.com - Reykjavik (Iceland)"]
[Round "7"]
[White "Gretarsson Helgi Ass (ISL)"]
[Black "Engqvist Thomas (SWE)"]
[Result "1-0"]
[WhiteElo "2475"]
[BlackElo "2355"]

1.d4 c5 2.d5 e5 3.e4 d6 4.c4 Be7 5.Bd3 Bg5 6.Nd2 Ne7 7.h4 Bh6 8.g4 Bxd2+
9.Bxd2 Ng6 10.g5 Nf4 11.Bxf4 exf4 12.Qd2 h6 13.gxh6 Rxh6 14.Qxf4 Nd7 15.Nf3
Qe7 16.O-O-O Nf8 17.e5 Bd7 18.exd6 Qf6 19.Qe3+ Kd8 20.Ng5 b6 {#r} 1-0

[Event "It (open)"]
[Site "masterchessopen.com - Saint-Affrique (France)"]
[Round "5"]
[White "Flear Glenn C (ENG)"]
[Black "Huguet Bernard (FRA)"]
[Result "1-0"]
[WhiteElo "2475"]
[BlackElo "2150"]

1.d4 c5 2.d5 e5 3.e4 d6 4.Nc3 Be7 5.Nf3 Bg4 6.h3 Bxf3 7.Qxf3 Bg5 8.Bxg5 Qxg5
9.Nb5 Qd8 10.Qg4 g6 11.Nxd6+ Qxd6 12.Qc8+ Qd8 13.Bb5+ Ke7 14.d6+ Qxd6 15.Rd1
Qb6 16.O-O Nc6 17.Rd7+ Kf6 18.Qxa8 Qxb5 19.Qf8 Nce7 20.Rfd1 {#r} 1-0

[Event "It (open) \"]
[Site "masterchessopen.com - St. Petersburg (Russia)"]
[Round "8"]
[White "Rakitskaja Mariya (RUS)"]
[Black "Ignatiev Felix N (RUS)"]
[Result "1-0"]
[WhiteElo "2165"]
[BlackElo "2307"]

1.d4 c5 2.d5 e5 3.c4 d6 4.e4 Be7 5.Nf3 Bg4 6.Be2 Bxf3 7.Bxf3 Bg5 8.Qa4+ Nd7
9.Nc3 Bxc1 10.Rxc1 Ne7 11.Bg4 f5 12.exf5 O-O 13.Qc2 Nf6 14.Bh3 Qd7 15.g4 g6
16.Rg1 gxf5 17.gxf5+ Kh8 18.Ne4 Nxe4 19.Qxe4 Ng8 20.Qh4 Qe7 21.Rxg8+ {#r} 1-0

[Event "Tournament"]
[Site "masterchessopen.com - Szolnok (Hungary)"]
[Round "7"]
[White "Schuckar Donald (GER)"]
[Black "Berebora Ferenc (HUN)"]
[Result "0-1"]
[WhiteElo "1975"]
[BlackElo "2390"]

1.d4 c5 2.d5 e5 3.dxe6 fxe6 4.e4 Nc6 5.Nf3 Nf6 6.Nc3 d5 7.Bb5 d4 8.e5 dxc3
9.Bxc6+ bxc6 10.Qxd8+ Kxd8 11.exf6 gxf6 12.bxc3 Ba6 13.Ba3 Rg8 14.Rg1 Rg4
15.Nd2 Ra4 16.Bc1 f5 17.f3 Bg7 18.Bb2 Rb8 19.Nb3 Rc4 20.Na5 Rxb2 21.O-O-O+ Kc7
22.Nxc4 Rxa2 23.Nd2 Bxc3 24.Nb1 Ra1 25.Rh1 Bc4 {#R} 0-1

[Event "Ch Europe (juniors) (under 12)"]
[Site "masterchessopen.com - Tallinn (Estonia)"]
[Round "4"]
[White "Butsenko Igor (UKR)"]
[Black "Vovsha Eli (ISR)"]
[Result "1-0"]
[WhiteElo "2238"]
[BlackElo "2240"]

1.d4 c5 2.d5 e5 3.c4 d6 4.e4 Be7 5.Nf3 Bg4 6.Nc3 a6 7.Be3 g6 8.h3 Bxf3 9.Qxf3
Bg5 10.Bd3 Nd7 11.a3 Bxe3 12.Qxe3 Ngf6 13.g3 Nh5 14.O-O-O Qe7 15.Kb1 O-O-O
16.Ka1 Kb8 17.Rb1 Ka7 {#r} 1-0